[Event "World Blitz 2015"]
[Site "Berlin GER"]
[Date "2015.10.14"]
[Round "17.80"]
[White "Carstensen, Jacob"]
[Black "Stern, Rene"]
[Result "1-0"]
[WhiteTitle "IM"]
[BlackTitle "GM"]
[WhiteElo "2352"]
[BlackElo "2538"]
[WhiteFideId "1404180"]
[BlackFideId "4611799"]
[EventDate "2015.10.13"]

1. d4 Nf6 2. c4 e6 3. Nc3 Bb4 4. f3 Nh5 5. g3 f5 6. Nh3 O-O 7. Nf2 d6 8. Qb3 c5
9. a3 Bxc3+ 10. Qxc3 cxd4 11. Qxd4 Nc6 12. Qc3 e5 13. e3 Be6 14. b4 Rc8 15. Bb2
b5 16. c5 dxc5 17. bxc5 a6 18. Rd1 Qe7 19. Rd6 Rfd8 20. Rxd8+ Rxd8 21. Be2 Nf6
22. O-O Nd5 23. Qc1 f4 24. exf4 exf4 25. gxf4 Bf5 26. Re1 Qh4 27. Ng4 h5 28. Ne5
Nxf4 29. Bf1 Qg5+ 30. Kh1 Bh3 31. Bxh3 Re8 32. Nxc6 Rxe1+ 33. Qxe1 Nxh3 34. Qe8+
Kh7 35. Qe4+ Kg8 36. Ne7+ Kf7 37. Qf5+ Kxe7 38. Qxh3 Qxc5 39. Qh4+ Kf7 40. Qf4+
Kg8 41. Qb8+ Kh7 42. Qb7 Qg5 43. f4 Qg4 44. Qe4+ Kg8 45. Qd5+ Kh7 46. Be5 h4 47.
Qd3+ Kg8 48. h3 Qh5 49. Qd5+ Kh7 50. Qe4+ Kg8 51. Qa8+ Kh7 52. Qe4+ Kg8 53. Qd5+
Kh7 54. Qd3+ Kg8 55. Kg2 Qf7 56. Kf3 Qe6 57. Qd8+ Kf7 58. Qc7+ Kg8 59. Qxg7# 1-0

[Event "World Blitz 2015"]
[Site "Berlin GER"]
[Date "2015.10.14"]
[Round "17.81"]
[White "Choukri, Adel"]
[Black "Petursson, Margeir"]
[Result "1-0"]
[WhiteTitle "CM"]
[BlackTitle "GM"]
[WhiteElo "2199"]
[BlackElo "2520"]
[WhiteFideId "9000399"]
[BlackFideId "2300028"]
[EventDate "2015.10.13"]

1. d4 d5 2. Bf4 Nf6 3. e3 g6 4. Nf3 Bg7 5. h3 O-O 6. Be2 c5 7. c3 Nc6 8. O-O Qb6
9. Qb3 c4 10. Qa3 Re8 11. Nbd2 Bf8 12. b4 a5 13. Qa4 Bd7 14. bxa5 Rxa5 15. Qc2
Bf5 16. Qc1 Rea8 17. g4 Bc8 18. Qc2 Qa6 19. Rfb1 Rxa2 20. Rxa2 Qxa2 21. Rb2 Qa4
22. Qb1 Qa1 23. Kg2 Qxb1 24. Rxb1 Ra2 25. Bf1 Nd7 26. e4 e6 27. exd5 exd5 28.
Re1 Be7 29. Be3 Nb6 30. Bf4 Na4 31. Re3 Rc2 32. Nxc4 Rxc3 33. Rxc3 Nxc3 34. Nb6
Be6 35. Bd3 Ba3 36. Be3 h5 37. gxh5 gxh5 38. Ng5 Nd1 39. Nxe6 Nxe3+ 40. fxe3
fxe6 41. Bg6 h4 42. Be8 Nb4 43. Nd7 Nc2 44. Kf3 Bc1 45. Nc5 Bxe3 46. Nxe6 Bxd4
47. Ba4 Ne1+ 48. Kg4 Bf2 49. Bb3 Kh7 50. Bxd5 b5 51. Bb3 b4 52. Ng5+ Kg6 53. Ne4
Kg7 54. Nxf2 Ng2 55. Nd3 Ne3+ 56. Kxh4 Kf6 57. Nxb4 Nf5+ 1-0

[Event "World Blitz 2015"]
[Site "Berlin GER"]
[Date "2015.10.14"]
[Round "17.82"]
[White "Krnan, Tomas"]
[Black "Svane, Rasmus"]
[Result "0-1"]
[WhiteTitle "IM"]
[BlackTitle "IM"]
[WhiteElo "2440"]
[BlackElo "2543"]
[WhiteFideId "14905361"]
[BlackFideId "4657101"]
[EventDate "2015.10.13"]

1. e4 c6 2. d4 d5 3. Nc3 dxe4 4. Nxe4 Nd7 5. Nf3 Ngf6 6. Nxf6+ Nxf6 7. Bc4 Bf5
8. O-O e6 9. c3 Be7 10. h3 O-O 11. Re1 h6 12. Bf4 a5 13. a4 Bd6 14. Bxd6 Qxd6
15. Qe2 Rfd8 16. Ne5 Nd7 17. Qf3 Nxe5 18. Rxe5 Bg6 19. Rae1 Qc7 20. h4 Rac8 21.
g4 Kh8 22. Qe3 Qe7 23. Qg3 b6 24. f4 Qd6 25. Rf1 c5 26. f5 cxd4 27. Ba6 Bh7 28.
Bxc8 Rxc8 29. fxe6 f6 30. Re3 Qd5 31. cxd4 Qxd4 32. Re1 Re8 33. e7 Rxe7 34. Qf2
Qxg4+ 35. Rg3 Rxe1+ 36. Qxe1 Qxh4 37. Qe8+ Bg8 38. Qg6 Qd4+ 39. Kh2 Qd2+ 40. Rg2
Qd6+ 41. Rg3 Qe7 42. Kg1 Bh7 43. Qg4 Bg8 44. Kh2 g5 45. Qh5 Kg7 46. Qf3 Bf7 47.
Qe3 Qxe3 48. Rxe3 f5 49. Re7 Kg6 50. Rb7 Bd5 51. Rxb6+ Kh5 52. Rb5 Be4 53. Rxa5
Kg4 54. b4 Kf3 55. Ra7 g4 56. Rg7 f4 57. b5 Kf2 58. a5 g3+ 59. Kh3 g2 60. Kh2 h5
61. a6 Bf3 62. b6 Bg4 0-1

[Event "World Blitz 2015"]
[Site "Berlin GER"]
[Date "2015.10.14"]
[Round "17.83"]
[White "Richter, Michael"]
[Black "Camacho Collados, Jose"]
[Result "1-0"]
[WhiteTitle "GM"]
[BlackTitle "IM"]
[WhiteElo "2517"]
[BlackElo "2383"]
[WhiteFideId "4618920"]
[BlackFideId "2265427"]
[EventDate "2015.10.13"]

1. d4 Nf6 2. c4 e6 3. Nc3 Bb4 4. f3 c5 5. d5 O-O 6. e4 Qe7 7. Ne2 b5 8. d6 Qd8
9. cxb5 a6 10. Bd2 axb5 11. Nxb5 Qb6 12. Nec3 Ba6 13. a4 Nc6 14. Be2 Nd4 15. e5
Nd5 16. Nxd5 exd5 17. Nxd4 cxd4 18. Bxa6 Rxa6 19. O-O h6 20. Bf4 d3+ 21. Kh1 Qd4
22. Bg3 d2 23. Qe2 Qc4 24. Qxc4 dxc4 25. Rfd1 g5 26. h4 Rb8 27. hxg5 hxg5 28. f4
Ba5 29. Ra2 Rb3 30. Kh2 g4 31. f5 Kg7 32. Bf4 Rd3 33. g3 Rb6 34. Kg2 Rbb3 35.
Kf2 c3 36. bxc3 Rbxc3 37. e6 fxe6 38. Be5+ Kf7 39. Bxc3 Bxc3 40. Ke2 Rxd6 41. a5
Ra6 42. fxe6+ Kxe6 43. Kd3 Rxa5 44. Rxa5 Bxa5 45. Ke2 Ke5 46. Rf1 Ke6 47. Rf4 d5
48. Rxg4 Kf5 49. Rd4 Ke5 50. Rh4 Bc3 51. Rf4 Ba5 52. Rf1 Bc3 53. Kd3 d4 54. g4
Bb4 55. g5 d1=Q+ 56. Rxd1 Kf5 57. Rg1 Kg6 58. Ke4 Bd2 59. Kxd4 Bxg5 60. Ke5 Kh6
61. Kf5 Be3 62. Rg6+ Kh7 63. Kf6 Bd4+ 64. Kf7 Be3 65. Rg3 Bf4 66. Rh3+ Bh6 67.
Rh2 1-0

[Event "World Blitz 2015"]
[Site "Berlin GER"]
[Date "2015.10.14"]
[Round "17.84"]
[White "Lagunow, Raphael"]
[Black "Rabiega, Robert"]
[Result "1-0"]
[BlackTitle "GM"]
[WhiteElo "2164"]
[BlackElo "2503"]
[WhiteFideId "24652644"]
[BlackFideId "4601475"]
[EventDate "2015.10.13"]

1. Nf3 d5 2. g3 Bg4 3. Bg2 Nd7 4. d4 e6 5. O-O Ngf6 6. c4 c6 7. Qb3 Qc8 8. Nc3
Bd6 9. Bf4 Bxf4 10. gxf4 O-O 11. Rac1 Rb8 12. Ne5 dxc4 13. Qxc4 Bh5 14. e3 Rd8
15. b4 Nxe5 16. fxe5 Nd5 17. Ne4 Qd7 18. Qb3 Qe7 19. Ng3 Bg6 20. a3 h5 21. f4 f5
22. exf6 Qxf6 23. Rce1 h4 24. Ne4 Bxe4 25. Bxe4 1-0

[Event "World Blitz 2015"]
[Site "Berlin GER"]
[Date "2015.10.14"]
[Round "17.85"]
[White "Rasmussen, Allan Stig"]
[Black "Carow, Johannes"]
[Result "1-0"]
[WhiteTitle "GM"]
[BlackTitle "FM"]
[WhiteElo "2498"]
[BlackElo "2431"]
[WhiteFideId "1406000"]
[BlackFideId "24692050"]
[EventDate "2015.10.13"]

1. e4 c5 2. d3 Nc6 3. f4 g6 4. c3 Bg7 5. Be3 d6 6. Nd2 Nf6 7. Be2 h5 8. Ngf3 Ng4
9. Bg1 f5 10. Qb3 e6 11. Ng5 Qe7 12. O-O-O b6 13. Bf3 Na5 14. Qc2 Rb8 15. exf5
gxf5 16. Re1 e5 17. h3 Nf6 18. Bh2 Nd7 19. Qd1 Kd8 20. Bd5 Bb7 21. Ne6+ Kc8 22.
Bxb7+ Rxb7 23. Nxg7 Qxg7 24. fxe5 Nxe5 25. Nf3 Nac6 26. Nxe5 Nxe5 27. d4 cxd4
28. Qxd4 Rd7 29. Bxe5 dxe5 30. Qxe5 Qxe5 31. Rxe5 Rg8 32. Rg1 Rf7 33. Kd2 h4 34.
Ke3 f4+ 35. Kf2 f3 36. gxf3 Rxg1 37. Kxg1 Rxf3 38. Kg2 Rg3+ 39. Kh2 Rd3 40. Re2
Rg3 41. Re4 Rd3 42. Rxh4 Rd2+ 43. Kg3 Rxb2 44. a4 Rc2 45. Rc4+ Kd7 46. h4 a6 47.
h5 Rc1 48. h6 Rg1+ 49. Kh2 Rg5 50. Rh4 Rg8 51. h7 Rh8 52. Rh6 b5 53. a5 Ke7 54.
Kg3 Kf7 55. Rxa6 1-0

[Event "World Blitz 2015"]
[Site "Berlin GER"]
[Date "2015.10.14"]
[Round "17.86"]
[White "Hovhannisyan, Mher"]
[Black "Seel, Christian"]
[Result "0-1"]
[WhiteTitle "IM"]
[BlackTitle "IM"]
[WhiteElo "2499"]
[BlackElo "2474"]
[WhiteFideId "13300865"]
[BlackFideId "4663098"]
[EventDate "2015.10.13"]

1. e4 Nf6 2. Nc3 d5 3. e5 Nfd7 4. f4 d4 5. Ne4 f5 6. Ng5 Nb6 7. e6 Qd5 8. Qe2 d3
9. Qxd3 h6 10. Qh3 Bxe6 11. Qh5+ Kd8 12. Nxe6+ Qxe6+ 13. Be2 g6 14. Qf3 Nc6 15.
c3 Bg7 16. d4 Kc8 17. Nh3 Rd8 18. O-O Bxd4+ 19. Kh1 Bf6 20. Nf2 Nd5 21. Nd3 Nb6
22. Nc5 Qd5 23. Be3 Qxf3 24. Bxf3 Nc4 25. Bg1 Nd2 26. Rad1 Nxf3 27. Rxd8+ Kxd8
28. Rxf3 b6 29. Rd3+ Ke8 30. Ne6 Rc8 31. b4 Nd8 32. Nd4 Bxd4 33. Bxd4 Ne6 34.
Be5 Rd8 35. Rxd8+ Kxd8 36. Kg1 Kd7 37. Kf2 Kc6 38. a4 Kd5 39. Ke3 Kc4 40. h3 a5
41. bxa5 bxa5 42. g4 c6 43. gxf5 gxf5 44. Kd2 Kb3 45. Kd3 c5 46. c4 Kxa4 47. Kc3
Ka3 48. Bb8 a4 49. Be5 Ka2 50. Kc2 h5 51. Kc3 Kb1 0-1

[Event "World Blitz 2015"]
[Site "Berlin GER"]
[Date "2015.10.14"]
[Round "17.87"]
[White "Hasangatin, Ramil"]
[Black "Bruedigam, Martin"]
[Result "1/2-1/2"]
[WhiteTitle "GM"]
[BlackTitle "FM"]
[WhiteElo "2509"]
[BlackElo "2375"]
[WhiteFideId "4122160"]
[BlackFideId "24608033"]
[EventDate "2015.10.13"]

1. e4 e5 2. Nf3 Nc6 3. Bb5 a6 4. Bxc6 dxc6 5. Nc3 Qf6 6. d3 c5 7. Nd5 Qd6 8. b3
Be6 9. Ne3 f6 10. a4 Ne7 11. Nh4 Qd7 12. Ba3 b6 13. Qh5+ Bf7 14. Qf3 a5 15. O-O
Nc6 16. Bb2 Bd6 17. Nhf5 O-O 18. Kh1 Be6 19. Qg3 Kh8 20. Nxd6 cxd6 21. f4 Nd4
22. Rf2 b5 23. axb5 Qxb5 24. Ra4 Qb7 25. Bc3 Nxb3 26. fxe5 dxe5 27. cxb3 Qxb3
28. Rxa5 Qxc3 29. Rxa8 Rxa8 30. Nf1 Ra1 31. Kg1 Rd1 32. Qh4 Qxd3 33. Rxf6 gxf6
34. Qxf6+ Kg8 35. Qxe6+ Kf8 36. Qf6+ Kg8 37. Qe6+ Kf8 38. Qf6+ Kg8 39. Qg5+ Kf7
40. Qf5+ Kg8 41. Qg5+ Kf7 42. Qf5+ Kg8 43. Qg5+ Kf7 44. Qf5+ 1/2-1/2

[Event "World Blitz 2015"]
[Site "Berlin GER"]
[Date "2015.10.14"]
[Round "17.88"]
[White "Ben Artzi, Ido"]
[Black "Vogel, Roven"]
[Result "1-0"]
[WhiteTitle "IM"]
[WhiteElo "2419"]
[BlackElo "2417"]
[WhiteFideId "2810913"]
[BlackFideId "12908088"]
[EventDate "2015.10.13"]

1. Nf3 d5 2. g3 c6 3. Bg2 Nf6 4. O-O Bf5 5. d3 e6 6. b3 Nbd7 7. Bb2 Be7 8. Ne5
O-O 9. Nd2 Nxe5 10. Bxe5 Nd7 11. Bb2 Bf6 12. Bxf6 Qxf6 13. e4 Bg6 14. f4 Qd4+
15. Kh1 f5 16. Nf3 Qc3 17. Qe1 Qxe1 18. Raxe1 fxe4 19. dxe4 Bxe4 20. Ng5 Bxc2
21. Bh3 Bf5 22. Bxf5 exf5 23. Re7 h6 24. Rxd7 hxg5 25. fxg5 Rf7 26. Rxf7 Kxf7
27. Rxf5+ Kg6 28. Re5 Rd8 29. Kg2 Rd7 30. Kf3 b6 31. Re6+ Kxg5 32. Rxc6 d4 33.
Ke2 d3+ 34. Kd2 Kg4 35. Rc4+ Kf3 36. g4 g5 37. b4 Kg2 38. b5 Kxh2 39. a4 Kg3 40.
Re4 Kf3 41. Rc4 Rf7 42. Kxd3 Rf4 43. Rc7 Rxa4 44. Rg7 Kxg4 45. Kc3 Kh4 46. Kb3
Ra5 47. Kb4 g4 48. Rg8 Kh3 49. Rh8+ Kg2 50. Rd8 g3 51. Rd2+ Kh1 52. Rd1+ Kh2 53.
Rd2+ g2 54. Rb2 Kh1 1-0

[Event "World Blitz 2015"]
[Site "Berlin GER"]
[Date "2015.10.14"]
[Round "17.89"]
[White "Carlstedt, Jonathan"]
[Black "Pavlovic, Milos"]
[Result "1-0"]
[WhiteTitle "IM"]
[BlackTitle "GM"]
[WhiteElo "2442"]
[BlackElo "2481"]
[WhiteFideId "24614386"]
[BlackFideId "900389"]
[EventDate "2015.10.13"]

1. c4 g6 2. g3 Bg7 3. Bg2 c5 4. Nc3 Nc6 5. e3 Bxc3 6. dxc3 d6 7. e4 Qd7 8. h3 b6
9. f4 Bb7 10. Be3 O-O-O 11. Nf3 f5 12. exf5 gxf5 13. Qc2 Nf6 14. O-O-O e6 15.
Rhe1 Rhe8 16. Ne5 Qc7 17. Nd3 Na5 18. b3 h5 19. Bxb7+ Qxb7 20. Qe2 Rg8 21. Bf2
Ne4 22. Kb2 Qf7 23. Rg1 Rg7 24. Be1 Rdg8 25. Qe3 Kc7 26. a4 Qf6 27. Kc2 Rxg3 28.
Rxg3 Rxg3 29. Qe2 Rg1 30. Nf2 Rg2 31. Rd3 Qg7 32. Rf3 Nc6 33. Qe3 Nb8 34. Kc1
Qg6 35. Kb2 Nd7 36. Ka3 Ndf6 37. Qd3 Nxf2 38. Rxf2 Ne4 39. Rxg2 Qxg2 40. Qd1 a6
41. Qxh5 Qg7 42. h4 Qg8 43. Qh6 b5 44. axb5 axb5 45. cxb5 d5 46. h5 Kb6 47. Qg6
Qa8+ 48. Kb2 Qc8 1-0

[Event "World Blitz 2015"]
[Site "Berlin GER"]
[Date "2015.10.14"]
[Round "17.90"]
[White "Sawlin, Leonid"]
[Black "Hilverda, Alexander"]
[Result "1-0"]
[WhiteElo "2258"]
[BlackElo "2384"]
[WhiteFideId "4689542"]
[BlackFideId "4695437"]
[EventDate "2015.10.13"]

1. e4 c5 2. Nf3 e6 3. d4 cxd4 4. Nxd4 a6 5. Nc3 Qc7 6. Bd3 Bc5 7. Nb3 Be7 8. O-O
d6 9. f4 Nd7 10. Qf3 Ngf6 11. Bd2 b5 12. Rae1 Bb7 13. Qg3 O-O 14. e5 dxe5 15.
fxe5 Nh5 16. Qh3 g6 17. Bh6 Ng7 18. Qg3 b4 19. Ne4 Qxe5 20. Nf6+ Bxf6 21. Rxe5
Bxe5 22. Bf4 Bxb2 23. Bd6 Rfe8 24. Bxb4 Nf5 25. Qc7 Bc8 26. c3 Nf6 27. Rb1 a5
28. Nxa5 Nd5 1-0

[Event "World Blitz 2015"]
[Site "Berlin GER"]
[Date "2015.10.14"]
[Round "17.91"]
[White "Thornton, Giovanni Antonio"]
[Black "Wendt, Jan-Dietrich"]
[Result "0-1"]
[BlackTitle "FM"]
[WhiteElo "2207"]
[BlackElo "2332"]
[WhiteFideId "4300963"]
[BlackFideId "4623797"]
[EventDate "2015.10.13"]

1. d4 Nf6 2. Bf4 g6 3. e3 Bg7 4. h3 d6 5. Nf3 O-O 6. Be2 Nc6 7. O-O Nd7 8. Bh2
e5 9. c4 b6 10. Nc3 Bb7 11. Qd2 f5 12. dxe5 Ncxe5 13. Nd4 Re8 14. Rac1 Nc5 15.
b4 Ne4 16. Nxe4 Bxe4 17. Rfd1 Qg5 18. f3 Bb7 19. Bf4 Qe7 20. Nb3 Rad8 21. Bg3
Nf7 22. Bf2 Bh6 23. Rc3 Ne5 24. Nd4 Bg7 25. a4 a6 26. Re1 Qf7 27. Bf1 Nd7 28.
Qc2 c5 29. bxc5 dxc5 30. Ne2 Bxc3 31. Nxc3 Nf6 32. Bh4 Rd6 33. Bg3 Rde6 34. Bf2
Nd7 35. Nd5 Nf6 36. Nf4 Rd6 37. Rb1 Red8 38. Be1 Qe7 39. Kf2 g5 40. Ne2 Qe6 41.
Bc3 Rd3 42. Kg1 Qxe3+ 43. Kh1 Ne8 44. Ng3 Rxc3 45. Qxf5 Qe7 46. Nh5 Re3 47. Nf6+
Qxf6 48. Qg4 Ng7 49. Qg3 Rde8 50. Rxb6 Qxb6 51. Qxg5 Qg6 52. Qxc5 Re1 53. Kg1
Qb1 0-1

[Event "World Blitz 2015"]
[Site "Berlin GER"]
[Date "2015.10.14"]
[Round "17.92"]
[White "Zepeda, Lorena"]
[Black "Valdes Romero, Leonardo"]
[Result "0-1"]
[WhiteTitle "WIM"]
[BlackTitle "IM"]
[WhiteElo "2106"]
[BlackElo "2362"]
[WhiteFideId "6700233"]
[BlackFideId "6500331"]
[EventDate "2015.10.13"]

1. e4 d6 2. d4 Nf6 3. Nc3 g6 4. Bg5 Bg7 5. f4 c6 6. Nf3 b5 7. Bd3 O-O 8. Bxf6
Bxf6 9. e5 Bg7 10. O-O Nd7 11. Kh1 b4 12. Ne2 c5 13. c3 bxc3 14. bxc3 cxd4 15.
cxd4 Nb6 16. Ng3 Bb7 17. Qe2 Nd5 18. Ng5 e6 19. N3e4 dxe5 20. fxe5 h6 21. Nh3
Rb8 22. Nd6 Ba8 23. Rab1 Rxb1 24. Rxb1 Nc3 25. Qc2 Nxb1 26. Qxb1 Qh4 27. Be4
Bxe4 28. Nxe4 Rd8 29. Qd1 Qxe4 0-1

[Event "World Blitz 2015"]
[Site "Berlin GER"]
[Date "2015.10.14"]
[Round "17.93"]
[White "Thiede, Lars"]
[Black "Cordeiro, Marco Aurelio Zaror"]
[Result "1-0"]
[WhiteTitle "IM"]
[WhiteElo "2437"]
[BlackElo "2228"]
[WhiteFideId "4607759"]
[BlackFideId "2117991"]
[EventDate "2015.10.13"]

1. g3 e5 2. Bg2 Nc6 3. d3 f5 4. a3 Nf6 5. b4 g6 6. Bb2 d6 7. c4 Bg7 8. Nf3 O-O
9. O-O Ne7 10. Qb3 h6 11. c5+ Kh7 12. cxd6 cxd6 13. Nc3 g5 14. Rac1 a6 15. Na4
b5 16. Nc3 Ra7 17. Rc2 Rc7 18. Rfc1 Bb7 19. Nd2 Bxg2 20. Kxg2 Qa8+ 21. Kg1 Rfc8
22. Nd1 Rxc2 23. Rxc2 Rxc2 24. Qxc2 Qc6 25. Qxc6 Nxc6 26. Ne3 Kg6 27. Nb3 f4 28.
Nd1 Kf5 29. e4+ Ke6 30. Nc3 Bf8 31. Kg2 d5 32. f3 d4 33. Ne2 Nd7 34. Kh3 h5 35.
gxf4 gxf4 36. Kh4 Nf6 37. Kg5 Be7 38. Kg6 h4 39. Bxd4 Nxd4 40. Nbxd4+ exd4 41.
Nxf4+ Kd6 42. Ne2 Nd7 43. f4 Bf6 44. Kf5 Ke7 45. e5 Bh8 46. Nxd4 Nb6 47. Ke4 Kd7
48. Nf3 Ke6 49. f5+ Kd7 50. Nxh4 Kc6 51. f6 Nd5 52. Ng6 Bxf6 53. exf6 Nxf6+ 54.
Ke5 Ng4+ 55. Ke6 Nxh2 56. d4 Nf3 57. d5+ Kb6 58. d6 Nd4+ 59. Kd7 Nc2 60. Ke7 Nd4
61. d7 Nc6+ 62. Kd6 Nd8 63. Ne5 a5 64. Nd3 axb4 65. axb4 Nb7+ 66. Ke7 Kc7 67.
Nc5 Nd8 68. Na6+ Kb6 69. Kxd8 1-0

[Event "World Blitz 2015"]
[Site "Berlin GER"]
[Date "2015.10.14"]
[Round "17.94"]
[White "Koehler, Gerhard2"]
[Black "Berend, Elvira"]
[Result "1/2-1/2"]
[BlackTitle "WGM"]
[WhiteElo "2173"]
[BlackElo "2370"]
[WhiteFideId "12909700"]
[BlackFideId "4000510"]
[EventDate "2015.10.13"]

1. c4 e5 2. Nc3 Nf6 3. g3 g6 4. Bg2 Bg7 5. e3 O-O 6. Nge2 d6 7. d3 Nc6 8. O-O
Be6 9. Nd5 Rb8 10. Rb1 Ne7 11. Nxf6+ Bxf6 12. Qa4 a6 13. Nc3 Bg7 14. e4 c6 15.
Qc2 b5 16. b3 Qd7 17. Bg5 f6 18. Be3 Bh3 19. d4 Bxg2 20. Kxg2 Qb7 21. d5 c5 22.
Qe2 f5 23. Bg5 f4 24. f3 Nc8 25. g4 Qd7 26. Bh4 Bf6 27. Bxf6 Rxf6 28. Qf2 Rf8
29. h4 bxc4 30. bxc4 Rb4 31. Rxb4 cxb4 32. Nb1 Qc7 33. Rc1 Qc5 34. Qxc5 dxc5 35.
Nd2 Nd6 36. Nb3 Rc8 37. Na5 1/2-1/2

[Event "World Blitz 2015"]
[Site "Berlin GER"]
[Date "2015.10.14"]
[Round "18.6"]
[White "Mamedov, Rauf"]
[Black "Tomashevsky, Evgeny"]
[Result "1/2-1/2"]
[WhiteTitle "GM"]
[BlackTitle "GM"]
[WhiteElo "2657"]
[BlackElo "2758"]
[WhiteFideId "13401653"]
[BlackFideId "4147235"]
[EventDate "2015.10.13"]

1. e4 c6 2. c4 d5 3. exd5 cxd5 4. cxd5 Nf6 5. Nc3 Nxd5 6. Nf3 Nxc3 7. bxc3 g6 8.
Bb5+ Bd7 9. Qb3 Bg7 10. O-O O-O 11. d4 Bxb5 12. Qxb5 Qc7 13. Rb1 b6 14. Re1 Nc6
15. Ba3 Rfe8 16. Qc4 Qb7 17. d5 Na5 18. Qb5 Bxc3 19. Re3 a6 20. Qxb6 Qxb6 21.
Rxb6 Bf6 22. Re4 Rac8 23. Rxa6 Nc4 24. Bb4 Red8 25. Rc6 Nd6 26. Re1 Rb8 27. Ba5
Rd7 28. g4 Rb5 29. Bd2 Rxd5 30. Bh6 Bg7 31. Bxg7 Kxg7 32. Kg2 Ra5 33. Re2 Rda7
34. Rcc2 h5 35. h3 hxg4 36. hxg4 Ra4 37. Kg3 Ne4+ 38. Kg2 Nd6 39. Kg3 Ne4+ 40.
Kg2 Nf6 41. Ne5 Nxg4 42. Nc6 Rc7 43. Nxe7 Rxc2 44. Rxc2 Ne5 1/2-1/2

[Event "World Blitz 2015"]
[Site "Berlin GER"]
[Date "2015.10.14"]
[Round "18.7"]
[White "Nepomniachtchi, Ian"]
[Black "Korobov, Anton"]
[Result "1-0"]
[WhiteTitle "GM"]
[BlackTitle "GM"]
[WhiteElo "2705"]
[BlackElo "2700"]
[WhiteFideId "4168119"]
[BlackFideId "14105730"]
[EventDate "2015.10.13"]

1. c4 e6 2. Nc3 d5 3. d4 Nf6 4. cxd5 exd5 5. Bg5 c6 6. Qc2 Be7 7. e3 Nbd7 8. Bd3
Nh5 9. Bxe7 Qxe7 10. Nge2 g6 11. Nc1 O-O 12. O-O Ndf6 13. Nb3 Ng7 14. Rae1 Bf5
15. Nc5 Rad8 16. a3 Bxd3 17. Nxd3 Nf5 18. Ne5 Nd6 19. f3 Nd7 20. Nxd7 Rxd7 21.
e4 dxe4 22. fxe4 f6 23. Qf2 a6 24. a4 Kg7 25. Kh1 Rdd8 26. Re3 Nf7 27. Re2 Ng5
28. h4 Nf7 29. g3 h5 30. Qe3 Nh6 31. e5 Nf5 32. Rxf5 gxf5 33. Qf4 fxe5 34. Rxe5
Qf6 35. Ne4 fxe4 36. Rg5+ Kh7 37. Rxh5+ Kg8 38. Qg4+ Qg7 39. Rg5 Rf7 40. Rxg7+
Rxg7 41. Qxe4 Rgd7 42. h5 Rxd4 43. Qg6+ Kh8 44. h6 Rd1+ 45. Kg2 R8d2+ 46. Kf3
Rd7 47. g4 R1d3+ 48. Kf4 R3d4+ 49. Kg3 Rd3+ 50. Kh4 R3d4 51. Kh5 Rd1 52. Qe8+
Kh7 53. Qe4+ Kh8 54. g5 R1d5 55. Qe6 a5 56. b3 c5 57. Qb6 Re7 58. Qf6+ 1-0

[Event "World Blitz 2015"]
[Site "Berlin GER"]
[Date "2015.10.14"]
[Round "18.8"]
[White "Svidler, Peter"]
[Black "Melkumyan, Hrant"]
[Result "1/2-1/2"]
[WhiteTitle "GM"]
[BlackTitle "GM"]
[WhiteElo "2727"]
[BlackElo "2622"]
[WhiteFideId "4102142"]
[BlackFideId "13302485"]
[EventDate "2015.10.13"]

1. Nf3 Nf6 2. c4 c5 3. b3 g6 4. Bb2 Bg7 5. g3 O-O 6. Bg2 Nc6 7. O-O d6 8. d4
cxd4 9. Nxd4 Bd7 10. Nc2 Qa5 11. Nd2 Rfc8 12. Ne3 Rab8 13. a3 a6 14. Rc1 Qh5 15.
b4 Ng4 16. Nxg4 Bxb2 17. Ne3 Bxc1 18. Qxc1 Nd4 19. Qb2 Qe5 20. Kh1 Nxe2 21. Qb1
Nc3 22. Qd3 b5 23. c5 Bc6 24. Bxc6 Rxc6 25. f4 Qg7 26. Rc1 Na4 27. Qe4 Rcc8 28.
Nd5 Qb2 29. Rc2 Qa1+ 30. Kg2 dxc5 31. Nxe7+ Kg7 32. Nxc8 Rxc8 33. Nb3 Qxa3 34.
Nxc5 Nxc5 35. Rxc5 Rd8 36. f5 Qb2+ 37. Kh3 Qd4 38. Qe7 Qf6 39. Qxf6+ Kxf6 40.
fxg6 hxg6 41. Rc6+ Kg7 42. Rxa6 Rd4 43. Rb6 Rxb4 44. Kg2 Rb2+ 45. Kf3 b4 46. h4
Rb1 47. Kf2 b3 48. Kg2 f5 49. Kf2 b2 50. Kg2 Kf7 51. Rb7+ Ke6 52. Rb6+ Kd5 53.
Rb8 Kd4 54. Rd8+ Ke5 55. Re8+ Kf6 56. Rb8 Kg7 57. Kh2 g5 58. hxg5 Kg6 59. Kg2
Kxg5 60. Rb4 Kf6 61. Rb8 Ke5 62. Rb5+ Kd4 63. Rb8 Kc4 64. Rc8+ Kd5 65. Rb8 1/2-1/2

[Event "World Blitz 2015"]
[Site "Berlin GER"]
[Date "2015.10.14"]
[Round "18.10"]
[White "Anand, Viswanathan"]
[Black "Socko, Bartosz"]
[Result "1-0"]
[WhiteTitle "GM"]
[BlackTitle "GM"]
[WhiteElo "2803"]
[BlackElo "2599"]
[WhiteFideId "5000017"]
[BlackFideId "1107038"]
[EventDate "2015.10.13"]

1. e4 e6 2. d4 d5 3. Nd2 c5 4. Ngf3 Nf6 5. exd5 Qxd5 6. Bc4 Qd7 7. dxc5 Bxc5 8.
Qe2 a6 9. Ne4 Nxe4 10. Qxe4 Qc7 11. Bf4 Bd6 12. Bxd6 Qxd6 13. O-O Nd7 14. Rad1
Qc5 15. Bxe6 fxe6 16. Qxe6+ Qe7 17. Qc4 Qf7 18. Rfe1+ Kf8 19. Qb4+ Kg8 20. Ng5
Qf6 21. Re8+ Nf8 22. Rdd8 1-0

[Event "World Blitz 2015"]
[Site "Berlin GER"]
[Date "2015.10.14"]
[Round "18.12"]
[White "Ghaem Maghami, Ehsan"]
[Black "Ponomariov, Ruslan"]
[Result "0-1"]
[WhiteTitle "GM"]
[BlackTitle "GM"]
[WhiteElo "2596"]
[BlackElo "2710"]
[WhiteFideId "12500739"]
[BlackFideId "14103320"]
[EventDate "2015.10.13"]

1. c4 Nf6 2. Nc3 e6 3. e4 d5 4. e5 d4 5. exf6 dxc3 6. bxc3 Qxf6 7. Nf3 b6 8. g3
Bb7 9. Bg2 Nd7 10. O-O Qd8 11. d4 Be7 12. Re1 O-O 13. Rb1 Nf6 14. Bg5 h6 15.
Bxf6 Bxf6 16. c5 Bd5 17. Ne5 Bxg2 18. Kxg2 bxc5 19. dxc5 Qxd1 20. Rbxd1 Rfb8 21.
Nd7 Rb5 22. c4 Ra5 23. Re2 Be7 24. Rb1 Rd8 25. c6 Ra6 26. Nb8 Rb6 27. Rxb6 axb6
28. Nd7 Ra8 29. h4 Bd6 30. Rd2 Be7 31. Re2 g5 32. h5 Kg7 33. Rd2 f6 34. Re2 Kf7
35. Rd2 e5 36. g4 Ke6 37. f3 Bd6 38. Rc2 Ra3 39. Kf2 f5 40. gxf5+ Kxf5 41. Kg2
Rd3 42. Re2 Rc3 43. c5 bxc5 44. Rb2 Ra3 45. Rc2 Ke6 46. Nxc5+ Bxc5 47. Rxc5
Rxa2+ 48. Kg3 Kd6 49. Rc1 Ra4 50. Rc2 Rh4 51. Rc1 Rxh5 52. Kg2 Rh4 53. Kg3 e4
54. fxe4 Rxe4 55. Rc2 h5 56. Kf3 Re5 57. Kg3 Rc5 58. Rh2 Rc3+ 0-1